000 00495nam a2200169 4500
001 109840
003 ES-MaACL
005 20230906184925.0
007 t|
008 061121s1965 sp r ||||1| spa d
100 1 _aOnieva, Antonio J.
_987081
245 1 0 _aNueva guía completa del Museo del Prado /
_cAntonio Juan Onieva.
250 _aNueva ed. reformada.
260 _aMadrid :
_bMayfe,
_c1965.
300 _a271 p. 2 gráf. lám. 1-48 ;
_c17 cm.
852 _aES-MaACL
_jC-40492
_bR.71344
999 _c109840
_d109840